000 00284nam a22001337a 4500
008 170608b xxu||||| |||| 00| 0 eng d
020 _a9780415431316
041 _aeng
080 _a327
100 _a18
101 _aSHP
245 _aGLOBAL POLITCS
_cEDKINDS,J
942 _2udc
_cBK
999 _c16437
_d16437